000 00519cam a2200193ua 4500
020 _a81 203 0599 x
_c195.00
041 _aeng
_h
082 _a621.3
_bTOR/EL
100 _aToro, Vincent Del .
245 _aElectrical engineering fundamentals /
_cVincent del Toro.
_hTextual Documents
250 _a2 /
_b.
260 _aNew Delhi :
_bPrentice Hall of India Pvt Ltd. ,
_c1994.
300 _a921 ; .
365 _a195.00
504 _a
942 _cBK
999 _c10260
_d10260